| 000 | 00355nam a22001337a 4500 | ||
|---|---|---|---|
| 008 | 260513b |||||||| |||| 00| 0 eng d | ||
| 041 | _2ENG | ||
| 100 | _aKATHERINE ESAU | ||
| 245 | _aANATOMY OF SEED PLANTS 2ND ED | ||
| 250 | _a1977 | ||
| 260 |
_aLIBRARY OF CONGRESS CATALOGING IN PUBLICATION _bBEST BOOKS _c12/2/26 |
||
| 300 | _aB/6482 | ||
| 942 | _cBK | ||
| 999 |
_c1221257 _d1221257 |
||